| 000 | 01751cam a22003734a 4500 | ||
|---|---|---|---|
| 999 |
_c22789 _d22789 |
||
| 001 | 15115741 | ||
| 005 | 20170124160308.0 | ||
| 008 | 071217s2008 ctua b 101 0 eng | ||
| 010 | _a 2007943412 | ||
| 015 |
_aGBA875635 _2bnb |
||
| 016 | 7 |
_a014640850 _2Uk |
|
| 020 | _a9780300137040 (pbk.) | ||
| 020 | _a0300137044 (pbk.) | ||
| 035 | _a(OCoLC)ocn223872123 | ||
| 040 |
_aUKM _cUKM _dBTCTA _dBAKER _dYDXCP _dBWX _dCDX _dNLF _dDLC |
||
| 042 |
_aukblcatcopy _alccopycat |
||
| 043 | _aa-cc--- | ||
| 050 | 0 | 0 |
_aNK1068 _b.R46 2008 |
| 245 | 0 | 0 |
_aRethinking recarving : _bideals, practices, and problems of the "Wu Family Shrines" and Han China / _cCary Y. Liu ... [et al.] ; edited by Naomi Noble Richard. |
| 246 | 3 | 0 | _aIdeals, practices, and problems of the 'Wu Family Shrines' and Han China |
| 260 |
_aNew Haven, Conn. ; _aLondon : _bYale University Press, _cc2008. |
||
| 300 |
_a383 p. : _bill. ; _c28 cm. |
||
| 490 | 0 | _aPrinceton University Art Museum monographs series | |
| 504 | _aIncludes bibliographical references and index. | ||
| 600 | 3 | 0 |
_aWu family _xTombs _vCongresses. |
| 650 | 0 |
_aDecorative arts _zChina _xHistory _yQin-Han dynasties, 221 B.C.-220 A.D. _vCongresses. |
|
| 650 | 0 |
_aArt, Chinese _yQin-Han dynasties, 221 B.C.-220 A.D. _vCongresses. |
|
| 651 | 0 |
_aChina _xHistory _yHan dynasty, 202 B.C.-220 A.D. _vCongresses. |
|
| 700 | 1 |
_aLiu, Cary Y. _q(Cary Yee-Wei), _d1955- |
|
| 700 | 1 | _aRichard, Naomi Noble. | |
| 906 |
_a7 _bcbc _ccopycat _d2 _encip _f20 _gy-gencatlg |
||
| 942 |
_2lcc _cBOOKS _hNK1068 .R46 2008 |
||